Inside outside : (Record no. 4781)
[ view plain ]
| 000 -LEADER | |
|---|---|
| fixed length control field | 00747cam a2200253 i 4500 |
| 001 - CONTROL NUMBER | |
| control field | 4781 |
| 003 - CONTROL NUMBER IDENTIFIER | |
| rucl marc code | BD-RjUL |
| 005 - DATE AND TIME OF LATEST TRANSACTION | |
| control field | 20211208233944.0 |
| 008 - FIXED-LENGTH DATA ELEMENTS--GENERAL INFORMATION | |
| fixed length control field | 131223s1976 enkaf 000 0aeng |
| 020 ## - INTERNATIONAL STANDARD BOOK NUMBER | |
| International Standard Book Number | 0905172000 |
| 035 ## - SYSTEM CONTROL NUMBER | |
| System control number | (BD-RjUL) 4816 |
| 040 ## - CATALOGING SOURCE | |
| Original cataloging agency | DLC |
| Transcribing agency | DLC |
| Modifying agency | DLC |
| Language of cataloging | eng |
| 041 ## - LANGUAGE CODE | |
| Language code of text/sound track or separate title | eng |
| 082 00 - DEWEY DECIMAL CLASSIFICATION NUMBER | |
| Classification number | 365.924 |
| Author mark and year | MII 1976 |
| 100 1# - MAIN ENTRY--PERSONAL NAME | |
| Personal name | Miller, Alastair |
| 9 (RLIN) | 15081 |
| 245 10 - TITLE STATEMENT | |
| Title | Inside outside : |
| Remainder of title | the story of a prison governor / |
| Statement of responsibility, etc. | Alastair Miller. |
| 260 ## - PUBLICATION, DISTRIBUTION, ETC. (IMPRINT) | |
| Place of publication, distribution, etc. | London : |
| Name of publisher, distributor, etc. | Queensgate Press, |
| Date of publication, distribution, etc. | 1976. |
| 300 ## - PHYSICAL DESCRIPTION | |
| Pagination | xiv, 215 p., [4] leaves of plates : |
| Illustrations | ill. ; |
| Size | 22 cm. |
| 600 10 - SUBJECT ADDED ENTRY--PERSONAL NAME | |
| Personal name | Miller, Alastair. |
| 650 #0 - SUBJECT ADDED ENTRY--TOPICAL TERM | |
| Topical term or geographic name as entry element | Prison wardens |
| Geographic subdivision | Great Britain |
| General subdivision | Biography. |
| 9 (RLIN) | 15083 |
| 942 ## - ADDED ENTRY ELEMENTS (KOHA) | |
| Source of classification or shelving scheme | Dewey Decimal Classification |
| Koha item type | Books |
| Lost status | Source of classification or shelving scheme | Damaged status | Not for loan | Collection code | Permanent Location | Current Location | Shelving location | Date acquired | Source of acquisition | Cost, normal purchase price | Total Checkouts | Full call number | Date last seen | Copy number | Koha item type |
|---|---|---|---|---|---|---|---|---|---|---|---|---|---|---|---|
| Dewey Decimal Classification | Not For Loan | Non-fiction | Central Library, University of Rajshahi | Central Library, University of Rajshahi | 04/12/1978 | Standard Pub. Ltd. | 170.00 | 365.924 MII 1976 | 23/12/2013 | C-1 | Books |